Personality Disorders - Statistics

General Stats
  • This quiz has been taken 100 times
  • The average score is 6 of 10
Answer Stats
Hint Answer % Correct
5 Borderline
94%
7 Narcissistic
74%
4 Antisocial
73%
6 Histrionic
56%
10 Obsessive-compulsive
54%
2 Schizoid
53%
1 Paranoid
51%
3 Schizotypal
46%
8 Avoidant
45%
9 Dependent
39%
No matching quizzes found
Score Distribution
Percent of People with Each Score
Percentile by Number Answered
Your Score History
You have not taken this quiz